História, vývoj a regulácia daňového systému v Slovenskej republike

Bibliographic Details
Main Authors: Korečko, Jaroslav, 1983- (Author), Suhányiová, Alžbeta, 1961- (Author)
Format: Software eBook
Language:Slovak
PhysicalDescription:1 CD-ROM farebný 12 cm
Published: Prešov Bookman s.r.o. 2019
ISBN:9788081653797
Edition:Vydanie: Prvé
Subjects:

MARC

LEADER 00000nam a2200000 4500
001 vtls012025282
003 SK-MaSNL
005 20260425232556.0
007 co cg auuua
008 210428s2019 xo | fqn 000 0 slo
015 |a SNBS2021 
020 |a 9788081653797  |q (elektronická kniha) 
040 |a SNK  |b slo  |c SNK  |e rda 
041 0 |a slo 
043 |a e-xo--- 
044 |a xo  |c SK 
072 7 |a 336.1/.5  |x Verejné financie  |2 konspekt 
080 |a 336.22  |2 2011 
080 |a 336.221.4  |2 2011 
080 |a (437.6)  |2 2011 
080 |a (048.8)  |2 2011 
080 |a (0.034.44)  |2 2011 
100 1 |a Korečko, Jaroslav,  |d 1983-  |4 aut  |9 224226 
245 1 0 |a História, vývoj a regulácia daňového systému v Slovenskej republike  |c Korečko Jaroslav - Suhányiová Alžbeta 
250 |a Vydanie: Prvé 
264 1 |a Prešov  |b Bookman s.r.o.  |c 2019 
300 |a 1 CD-ROM  |b farebný  |c 12 cm 
336 |a text  |b txt  |2 rdacontent 
337 |a počítač  |b c  |2 rdamedia 
338 |a počítačový disk  |b cd  |2 rdacarrier 
347 |a textový súbor  |b PDF  |2 rda 
504 |a Obsahuje bibliografiu 
546 |a Anglické resumé 
650 0 7 |a dane  |2 SNKPH  |9 2123 
650 0 7 |a daňové systémy  |2 SNKPH  |9 2126 
650 0 7 |a Taxes  |2 SNKPHeng  |9 266956 
650 0 7 |a Tax systems  |2 SNKPHeng  |9 314830 
651 7 |a Slovensko  |2 SNKPHgeo  |9 14231 
651 7 |a Slovakia  |2 SNKPHeng  |9 92630 
655 7 |a CD-ROM  |2 SNKPH  |9 70236 
655 7 |a monografie  |2 SNKPH  |9 70139 
655 7 |a Monographs  |2 SNKPHeng  |9 120675 
700 1 |a Suhányiová, Alžbeta,  |d 1961-  |4 aut  |9 198969 
919 |a 978-80-8165-379-7 
958 |a NB 
999 |c 743339  |d 745269 
952 |a SNK  |b SNK  |y PREZ  |7 0  |p 17A1451166  |o snkSCDM 11771  |i snk2021/3530  |8 0  |0 0  |1 0  |4 0  |d 2021-04-28  |l 0  |r 2026-02-23 23:06:53  |w 2026-02-23 
952 |t snkHIS 336  |a SNKMST  |b SNKMST  |y PREZ  |7 0  |p 17A1451165  |o snkSCDM 11771 D1  |i snk2021/3531  |8 0  |0 0  |1 0  |4 0  |d 2021-04-28  |l 0  |r 2025-08-13 00:00:00  |w 2026-02-23